| 000 | 00397nam a22001337a 4500 | ||
|---|---|---|---|
| 020 | _qPB. | ||
| 040 | _cFIZZA ISHAQ | ||
| 082 |
_a954.91 _bSHU |
||
| 100 |
_aNAWAZ,SHUJA. _965078 |
||
| 245 |
_aCROSSED SWORDS PAKISTAN IT,S ARMY AND THE WARS WITHIN / _cSHUJA NAWAZ. |
||
| 260 |
_aKARACHI PAKISTAN ; _bAMEENA SAIYID OXFORD UNIVERSITY PRESS, _c2008. |
||
| 300 |
_a655 P. ; _c9.5X6.2IN |
||
| 942 |
_2ddc _cBK |
||
| 999 |
_c616562 _d616562 |
||